000 00902nam a2200253Ia 4500
003 OSt
005 20220923211154.0
006 a|||||r|||| 00| 0
007 ta
008 220922b |||||||| |||| 00| 0 pan d
020 _a8187654732 (hbk)
_c490
024 _a349,461
037 _b1041, 02/02/2019, H.K. Prakashan
_cTextual
040 _aARTS
_cARTS
_bpan
041 _2pan
_apan
082 _aP153, Q8
100 _aਬਰਾੜ, ਬੂਟਾ ਸਿੰਘ, ਥਦ.
_9159128
245 0 _aਪੰਜਾਬੀ ਦੀ ਅਰਬੀ-ਖ਼ਾਰਸੀ FਬਦFਾਲਾ
260 _aਦਿੱਲੀ
_b ਮਨਪ੍ਰੀਤ ਪ੍ਰਕਾFਨ
_c2018
300 _a205ਪ੍ਰ0
_ccm.
650 _aਪੰਜਾਬੀ ਭਾFਾ
_9159129
942 _hP153, Q8
_cTEXL
_2CC
999 _c296323
_d296323